| 000 | 01642nam a2200445 i 4500 | ||
|---|---|---|---|
| 001 | bg | ||
| 003 | KOSZ 005 | ||
| 005 | 20221207073312.0 | ||
| 008 | 980715s1997 pl a |001 0 pol | ||
| 015 | _aPB 1997/12588 | ||
| 020 | _a8320421055 | ||
| 020 | _a8320420296 | ||
| 035 | _a(OCoLC)749401700 | ||
| 040 |
_aWA N _cKOSZ 005/HR _dKOSZ 005/HR |
||
| 080 | _a620.1 | ||
| 080 | _a539.3/.6 | ||
| 080 | _a(075.8) | ||
| 100 | 1 |
_aDyląg, Zdzisław _d(1923-2015) _eAutor |
|
| 245 | 1 | 0 |
_aWytrzymałość materiałów. _nT. 2 / _cZdzisław Dyląg, Antoni Jakubowicz, Zbigniew Orłoś. |
| 260 |
_aWarszawa : _bWydawnictwa Naukowo-Techniczne, _ccop. 1997. |
||
| 300 |
_a513, [1] s. : _bfot., rys., wykr. ; _c24 cm. |
||
| 336 |
_2rdacontent _aTekst _btxt |
||
| 337 |
_2rdamedia _aBez urządzenia pośredniczącego _bn |
||
| 338 |
_2rdacarrier _aWolumin _bnc |
||
| 380 | _aKsiążki. | ||
| 388 | _a1901- | ||
| 490 | 1 | _aPodręczniki Akademickie. Mechanika. | |
| 504 | _aBibliogr. s. 497-505. - Indeks. | ||
| 521 | _aDla studentów wyższych uczelni tech., zwłaszcza wydz. mechanicznych. | ||
| 580 | _aT. 1 poz. 12587/97. | ||
| 650 | 4 | _aWytrzymałość materiałów | |
| 655 | 4 | _aPodręczniki akademickie | |
| 658 | _aInżynieria i technika | ||
| 700 | 1 |
_aJakubowicz, Antoni _d(?-1999) _eAutor |
|
| 700 | 1 |
_aOrłoś, Zbigniew _d(1921-2014) _eAutor |
|
| 710 | 2 |
_aWydawnictwa Naukowo-Techniczne _4pbl. |
|
| 830 | 0 |
_aPodręczniki Akademickie. _pMechanika |
|
| 856 |
_uhttp://koha.tu.koszalin.pl/cgi-bin/koha/opac-detail.pl?biblionumber=32370 _yKatalog online BPK |
||
| 942 |
_2UKD _cKS |
||
| 999 |
_c32370 _d32370 |
||